000
00256 a2200109 4500
020
_a
9789353062910
100
_a
Serope Kalpakjian
245
_a
Manufacturing processes for engineering materials
250
_a
6th
260
_b
Pearson
_c
2024
942
_c
OO
999
_c
116030
_d
116029